00946nam a2200277 a 4500003000900000005001700009008004100026020001800067040001300085100003300098245015300131250001200284260003200296300001600328500011500344650002800459650002500487650001300512650002500525650002600550650001100576650002300587650002600610650002200636653001000658AR-BaBNM20251128205903.0082120s2002 ||||||||||||||000 | spa|| a950-14-0832-9 cAR-BaBNM1 aGonzález, Ricardo O.chijo00aFlexibilización laboral y régimen de contrato de trabajobnuevas modalidades de contratación, estatuto para las pequeñas y medianas empresas a1ª ed. aBuenos AiresbDepalmac1995 axiv, 299 p. aComentario de las leyes 24.465 y 24.467 y de sus reglamentaciones por decreto 738/95 y 7373/95 respectivamente 4aFLEXIBILIZACION LABORAL 4aCONTRATOS DE TRABAJO 4aEMPRESAS 4aRELACIONES LABORALES 4aNEGOCIACION COLECTIVA 4aEMPLEO 4aPOLITICA DE EMPLEO 4aFORMACION PROFESIONAL 4aPOLITICA SALARIAL aPYMES